| 000 | 00833cam a2200277 4500 | ||
|---|---|---|---|
| 008 | 090401t1990 xxu||||| |||| 00| 0 eng d | ||
| 020 | _a085406477X | ||
| 035 | _a(Sirsi) u52325 | ||
| 041 | _aeng | ||
| 050 |
_a333.0062 _c18 |
||
| 090 | _aRICS 1990/75 ABCDE | ||
| 100 | _aChalkley, Richard | ||
| 245 |
_aProfessional conduct _ba handbook for chartered surveyors |
||
| 260 |
_aLondon _bRICS Books _c1990 |
||
| 300 |
_axiii, 162p. _c21cm. |
||
| 350 | _a9.95 | ||
| 520 | _aSuperseded by second edition (ISBN 0854066578). | ||
| 650 | _aPROFESSIONAL CONDUCT | ||
| 650 | _aRICS BYE-LAWS | ||
| 650 | _aRICS REGULATIONS | ||
| 650 | _aRICS RULES OF CONDUCT | ||
| 690 | _aMANAGEMENT-BUSINESS MANAGEMENT-PROFESSIONAL PRACTICE | ||
| 710 |
_aRoyal Institution of Chartered Surveyors _94900 |
||
| 942 | _n0 | ||
| 948 | _c04/03/1997 | ||
| 999 |
_c93031 _d93031 |
||